5HLuxD.jpg

KING HENRY VIII SENIOR AND PRIMARY SCHOOL LIBRARY OPAC

Chinese Made Easy: (Record no. 3610)

000 -LEADER
fixed length control field 01418nam a22002057a 4500
003 - CONTROL NUMBER IDENTIFIER
control field OSt
005 - DATE AND TIME OF LATEST TRANSACTION
control field 20240229100050.0
008 - FIXED-LENGTH DATA ELEMENTS--GENERAL INFORMATION
fixed length control field 240229b ||||| |||| 00| 0 eng d
020 ## - INTERNATIONAL STANDARD BOOK NUMBER
International Standard Book Number 9789620434617
040 ## - CATALOGING SOURCE
Transcribing agency KH8
082 ## - DEWEY DECIMAL CLASSIFICATION NUMBER
Classification number 400 MA
100 ## - MAIN ENTRY--PERSONAL NAME
Personal name Ma, Yamin,
Relator term author.
245 ## - TITLE STATEMENT
Title Chinese Made Easy:
Remainder of title Textbook 4 /
Statement of responsibility, etc. Yamin Ma.
260 ## - PUBLICATION, DISTRIBUTION, ETC.
Place of publication, distribution, etc. Hong Kong;
Name of publisher, distributor, etc. Joint Publishing,
Date of publication, distribution, etc. 2015.
300 ## - PHYSICAL DESCRIPTION
Extent 160 pages:
Dimensions 8.1 x 0.3 x 10.9 inches.
520 ## - SUMMARY, ETC.
Summary, etc. One of the best Chinese language textbooks for young students, Chinese Made Easy adopts a new approach to teaching Chinese as a second language. It is designed for young students taking SAT II Chinese Test (US), GCSE/IGSE Mandarin Chinese Exams (UK), and Australian Mandarin exams, or for those students who are starting to learn Chinese on their own. It features task-based learning coupled with a focus on form and function. There are a wide variety of text presentations, practice materials, and up-to-date topics relevant to young students (ages 10 and up). Attention is paid to careful pacing for gradual progress in language skills, with clearly focused aims for each unit, regular consolidation, and consistent reinforcement. The language materials are presented in fun and interesting ways, with highly attractive and colorfully designed pages.<br/>
650 ## - SUBJECT ADDED ENTRY--TOPICAL TERM
Topical term or geographic name entry element Chinese language
Form subdivision Foreign language
650 ## - SUBJECT ADDED ENTRY--TOPICAL TERM
Topical term or geographic name entry element Chinese language
Form subdivision Coursebook
942 ## - ADDED ENTRY ELEMENTS (KOHA)
Source of classification or shelving scheme
Koha item type Teaching Resources
Holdings
Withdrawn status Lost status Source of classification or shelving scheme Damaged status Not for loan Collection code Permanent Location Current Location Shelving location Date acquired Total Checkouts Full call number Barcode Date last seen Date last checked out Price effective from Koha item type
          Teaching Resources KH8 Senior School Library KH8 Senior School Library Staff Office 2024-11-07 2 400 MA TRKHSL006139 2025-07-02 2025-01-23 2024-11-07 Teaching Resources

Powered By KH8 IT Dept